Industrial policy in East Asia : Lessons for Malaysia
| Main Author: | |
|---|---|
| Format: | Book |
| Published: |
Kuala Lumpur :
University of Malaya press ,
1999
|
| Subjects: |
MARC
| LEADER | 00000cam a2200000 7i4500 | ||
|---|---|---|---|
| 001 | 0000014235 | ||
| 005 | 20050509.0 | ||
| 020 | |a 9679940969 | ||
| 040 | |a INS | ||
| 090 | 0 | 0 | |a HD3616 |b E13IN284 1999 |
| 100 | 1 | |a Jomo K.S. | |
| 245 | 1 | 0 | |a Industrial policy in East Asia : |b Lessons for Malaysia |c Jomo K.S. |
| 260 | |a Kuala Lumpur : |b University of Malaya press , |c 1999 | ||
| 300 | |a v : |b 310p ; |c 23cm. | ||
| 650 | 0 | 0 | |a Industrial policy |x East asia |
| 650 | 0 | 0 | |a Industrial policy |x Malaysia |
| 650 | 0 | 0 | |a Industries |x East asia |
| 999 | |a 0000014315 |b BOOK |c Open Shelf |e Default branch | ||